| 000 | 00951nam a2200289 a 4500 | ||
|---|---|---|---|
| 001 | 26488 | ||
| 003 | CO-ViMGA | ||
| 008 | 141112s2004 ck r 000 u spa d | ||
| 020 | _a97895886547 | ||
| 040 |
_aCO-ViMGA _bspa _cCO-ViMGA |
||
| 041 | _aSPA | ||
| 090 | _aC BIE5 | ||
| 100 | 1 |
_aBierce, Ambrose Gwinnet, 1842 - 1914? _91046 |
|
| 245 | 1 | 0 |
_a99 fábulas fantásticas / _cAmbrose Bierce ; ilustraciones Carlos Nine ; Selección y traducción de Marcial Souto |
| 250 | _a1a ed. | ||
| 260 |
_aBogotá : _bLibros del Zorro Rojo, _c2014 |
||
| 300 | _a95 p. : il. col. | ||
| 500 | _aIncluye biografía del autor y del ilustrador. | ||
| 650 | 1 | 4 |
_aAUTORES ESTADOUNIDENSES _9718 |
| 650 | 1 | 4 |
_aDESDE LOS 12 AÑOS _92195 |
| 650 | 1 | 4 |
_aFABULAS _91053 |
| 650 | 1 | 4 |
_aLITERATURA ESTADOUNIDENSE - SIGLO XIX _941380 |
| 700 | 1 |
_aNine, Carlos, 1934 - _941381 |
|
| 700 | 1 |
_aSouto, Marcial _941382 |
|
| 700 | 1 |
_aSouto, Marcial _941382 |
|
| 942 |
_2ddc _cBK |
||
| 999 |
_c2452 _d2452 |
||